Хэзерге башkорт эзэбиэте (Запись № 10270208)

Подробности
000 -МАРКЕР
контрольное поле 01542nam0a2200349 4500
001 - ИДЕНТИФИКАТОР ЗАПИСИ
контрольное поле RU\NLR\ONL2\22978
005 - ИДЕНТИФИКАТОР ВЕРСИИ
контрольное поле 20260406072812.0
010 ## - МЕЖДУНАРОДНЫЙ СТАНДАРТНЫЙ НОМЕР КНИГИ (ISBN)
Номер (ISBN) 978-5-295-05392-4
Тираж 6150
035 ## - ДРУГИЕ СИСТЕМНЫЕ НОМЕРА
Идентификатор записи (NLR Aleph) 010209936
100 ## - ДАННЫЕ ОБЩЕЙ ОБРАБОТКИ
Данные общей обработки 20031217d2012 |||y0rusy50 ca
101 0# - ЯЗЫК РЕСУРСА
Язык текста, звукозаписи и т.д. башкирский
102 ## - СТРАНА ПУБЛИКАЦИИ ИЛИ ПРОИЗВОДСТВА
Страна публикации Российская Федерация
105 ## - ПОЛЕ КОДИРОВАННЫХ ДАННЫХ: ТЕКСТОВЫЕ МАТЕРИАЛЫ, МОНОГРАФИЧЕСКИЕ
Кодированные данные о монографическом текстовом документе c |||||||||
200 9# - ЗАГЛАВИЕ И СВЕДЕНИЯ ОБ ОТВЕТСТВЕННОСТИ
Основное заглавие Хэзерге башkорт эзэбиэте
Сведения, относящиеся к заглавию урта мэкт. 11-се кл. өсөн д-лек
Первые сведения об ответственности Fайса Хөсэйенов, Роберт Байымов
210 ## - ПУБЛИКАЦИЯ, РАСПРОСТРАНЕНИЕ И ДР.
Место издания, распространения и т.д. Өфө
Имя издателя, распространителя и т. д. Китап
Дата издания, распространения и т.д. 2012
215 ## - ФИЗИЧЕСКАЯ ХАРАКТЕРИСТИКА
Специфическое обозначение материала и объем 227 б.
Другие сведения о физической характеристике портр.
Размеры 22
300 ## - ОБЩИЕ ПРИМЕЧАНИЯ
Текст примечания На обл. авт. не указаны.
541 1# - ПЕРЕВОД ЗАГЛАВИЯ, СДЕЛАННЫЙ КАТАЛОГИЗАТОРОМ
Связь между полями z01790
Заглавие Современная башкирская литература
Сведения, относящиеся к заглавию учеб. для 11 кл. сред. шк.
Язык заглавия русский
606 0# - НАИМЕНОВАНИЕ ТЕМЫ КАК ПРЕДМЕТ
Наименование темы Башкирская литература
Системный номер авторитетной/нормативной записи 1114058
Идентификатор авторитетной/нормативной записи RU\NLR\auth\66120783
686 1# - ИНДЕКСЫ ДРУГИХ КЛАССИФИКАЦИЙ
Индекс Ш5(2=Баш)7 я72
700 #1 - ИМЯ ЛИЦА - ПЕРВИЧНАЯ ОТВЕТСТВЕННОСТЬ
Код отношения Автор
Материалы, к которым относится поле bak
Графика поля Кириллица
Начальный элемент ввода Хөсэйенов
Часть имени, кроме начального элемента ввода F.Б.
Даты 1928-
Расширение инициалов личного имени Fайса Батыргэрэй улы
Идентификатор авторитетной/нормативной записи RU\NLR\auth-onl\77512
Системный номер авторитетной/нормативной записи 130568
701 #1 - ИМЯ ЛИЦА - АЛЬТЕРНАТИВНАЯ ОТВЕТСТВЕННОСТЬ
Код отношения Автор
Материалы, к которым относится поле bak
Графика поля Кириллица
Начальный элемент ввода Байымов
Часть имени, кроме начального элемента ввода Р. Н.
Даты 1937-2010
Расширение инициалов личного имени Роберт Нурмөхэмэт улы
Идентификатор авторитетной/нормативной записи RU\NLR\auth-onl\77537
Системный номер авторитетной/нормативной записи 130593
790 #1 - ИМЯ ЛИЦА - АЛЬТЕРНАТИВНАЯ ФОРМА
Код отношения Автор
Материалы, к которым относится поле rus
Графика поля Кириллица
Начальный элемент ввода Хусаинов
Часть имени, кроме начального элемента ввода Г.Б.
Даты 1928-
Расширение инициалов личного имени Гайса Батыргареевич
Идентификатор авторитетной/нормативной записи RU\NLR\auth-onl\77373
Системный номер авторитетной/нормативной записи 130429
801 #0 - ИСТОЧНИК ЗАПИСИ
Страна Российская Федерация
Организация NLR
Дата составления 20120418
Правила каталогизации PSBO
852 ## - МЕСТОНАХОЖДЕНИЕ И ШИФР ХРАНЕНИЯ
Идентификатор организации NLR
Шифр хранения (Call Number) Башк./3-5364
Идентификатор единицы 15069
852 ## - МЕСТОНАХОЖДЕНИЕ И ШИФР ХРАНЕНИЯ
Идентификатор организации NLR
Наименование фонда или коллекции (Sub-Location Identifier) ОНЛ
942 ## - ДОПОЛНИТЕЛЬНЫЕ ЭЛЕМЕНТЫ ЗАПИСИ (АБИС)
Тип экземпляра АБИС Книга
980 ## - КОЛЛЕКЦИЯ
Название коллекции Национальная библиография
980 ## - КОЛЛЕКЦИЯ
Название коллекции Каталог книг на языках народов РФ и стран СНГ

Нет доступных экземпляров.